RELG : (Record no. 7135)
[ view plain ]
| 000 -LEADER | |
|---|---|
| fixed length control field | 01833cam a22003617i 4500 |
| 001 - CONTROL NUMBER | |
| control field | 18679349 |
| 003 - CONTROL NUMBER IDENTIFIER | |
| control field | mut |
| 005 - DATE AND TIME OF LATEST TRANSACTION | |
| control field | 20240606081030.0 |
| 008 - FIXED-LENGTH DATA ELEMENTS--GENERAL INFORMATION | |
| fixed length control field | 150629s2015 ctu 001 0 eng d |
| 010 ## - LIBRARY OF CONGRESS CONTROL NUMBER | |
| LC control number | 2015301510 |
| 020 ## - INTERNATIONAL STANDARD BOOK NUMBER | |
| International Standard Book Number | 9781285434681 (student edition) |
| 020 ## - INTERNATIONAL STANDARD BOOK NUMBER | |
| International Standard Book Number | 1285434684 (student edition) |
| 035 ## - SYSTEM CONTROL NUMBER | |
| System control number | (OCoLC)ocn903050819 |
| 040 ## - CATALOGING SOURCE | |
| Original cataloging agency | VVX |
| Language of cataloging | eng |
| Transcribing agency | VVX |
| Description conventions | rda |
| Modifying agency | DLC |
| 042 ## - AUTHENTICATION CODE | |
| Authentication code | lccopycat |
| 050 00 - LIBRARY OF CONGRESS CALL NUMBER | |
| Classification number | BL80.3 |
| Item number | .V36 2015 |
| 100 1# - MAIN ENTRY--PERSONAL NAME | |
| Personal name | Van Voorst, Robert E., |
| Relator term | author. |
| 245 10 - TITLE STATEMENT | |
| Title | RELG : |
| Remainder of title | world / |
| 246 03 - VARYING FORM OF TITLE | |
| Title proper/short title | RELG World 2 |
| 250 ## - EDITION STATEMENT | |
| Edition statement | Student edition. |
| 264 #1 - PRODUCTION, PUBLICATION, DISTRIBUTION, MANUFACTURE, AND COPYRIGHT NOTICE | |
| Place of production, publication, distribution, manufacture | Stamford, CT : |
| Name of producer, publisher, distributor, manufacturer | Wadsworth, Cengage Learning, |
| Date of production, publication, distribution, manufacture, or copyright notice | [2014] |
| 300 ## - PHYSICAL DESCRIPTION | |
| Extent | xiii, 368 pages |
| Other physical details | illustrations |
| Dimensions | 28 cm |
| 336 ## - CONTENT TYPE | |
| Content type term | text |
| Source | rdacontent |
| 337 ## - MEDIA TYPE | |
| Media type term | unmediated |
| Source | rdamedia |
| 338 ## - CARRIER TYPE | |
| Carrier type term | volume |
| Source | rdacarrier |
| 500 ## - GENERAL NOTE | |
| General note | Cover title. |
| 504 ## - BIBLIOGRAPHY, ETC. NOTE | |
| Bibliography, etc. note | Includes bibliographical references and index. |
| 505 0# - FORMATTED CONTENTS NOTE | |
| Formatted contents note | Beginning your study of world religions -- Encountering indigenous religions : ways to tribal life -- Encountering Hinduism : many paths to liberation -- Encountering Jainism : the austere way to liberation -- Encountering Buddhism : the middle path to liberation -- Encountering Sikhism : the way of God's name -- Encountering Daoism and Confucianism : two views of the eternal way -- Encountering Shinto : the way of the Kami -- Encountering Zoroastrianism : the way of the one wise lord -- Encountering Judaism : the way of God's people -- Encountering Christianity : the way of Jesus Christ -- Encountering Islam : the straight path of one God -- Encountering new religious movements : modern ways to alternative meanings. |
| 650 #0 - SUBJECT ADDED ENTRY--TOPICAL TERM | |
| Topical term or geographic name entry element | Religions. |
| 906 ## - LOCAL DATA ELEMENT F, LDF (RLIN) | |
| a | 7 |
| b | cbc |
| c | copycat |
| d | 2 |
| e | ncip |
| f | 20 |
| g | y-gencatlg |
| 942 ## - ADDED ENTRY ELEMENTS (KOHA) | |
| Source of classification or shelving scheme | Library of Congress Classification |
| Koha item type | Books |
| Withdrawn status | Lost status | Source of classification or shelving scheme | Damaged status | Not for loan | Home library | Current library | Date acquired | Total checkouts | Full call number | Barcode | Date last seen | Date last checked out | Price effective from | Koha item type |
|---|---|---|---|---|---|---|---|---|---|---|---|---|---|---|
| Library of Congress Classification | Murang'a University of Technology Library | Murang'a University of Technology Library | 04/04/2017 | 3 | BL80.3 .V36 2015 | 007677 | 25/09/2024 | 16/09/2024 | 04/04/2017 | Books |